Kinh tế Malaysia
Đất nước, con người, lịch sử Malaixia. Chiến lược và 3 giai đoạn phát triển kinh tế. Các lĩnh vực kinh tế nông nghiệp, công nghiệp, tài chính - ngân hàng, thương mại - đầu tư, giao thông - bưu điện. Khủng hoảng đồng Ringgit và các giải pháp ph...
Sparad:
| Huvudupphovsman: | |
|---|---|
| Materialtyp: | Bok |
| Språk: | Undetermined |
| Publicerad: |
Hà Nội
Khoa học Xã hội
2001
|
| Taggar: |
Lägg till en tagg
Inga taggar, Lägg till första taggen!
|
| Thư viện lưu trữ: | Trung tâm Học liệu Trường Đại học Cần Thơ |
|---|
| LEADER | 00919nam a2200193Ia 4500 | ||
|---|---|---|---|
| 001 | CTU_41626 | ||
| 008 | 210402s9999 xx 000 0 und d | ||
| 020 | |c 20000 | ||
| 082 | |a 330.95953 | ||
| 082 | |b M312 | ||
| 100 | |a Đào, Lê Minh | ||
| 245 | 0 | |a Kinh tế Malaysia | |
| 245 | 0 | |c Đào Lê Minh, Trần Lan Hương | |
| 260 | |a Hà Nội | ||
| 260 | |b Khoa học Xã hội | ||
| 260 | |c 2001 | ||
| 520 | |a Đất nước, con người, lịch sử Malaixia. Chiến lược và 3 giai đoạn phát triển kinh tế. Các lĩnh vực kinh tế nông nghiệp, công nghiệp, tài chính - ngân hàng, thương mại - đầu tư, giao thông - bưu điện. Khủng hoảng đồng Ringgit và các giải pháp phục hồi nền kinh tế | ||
| 904 | |i Minh, 010601, lthieu | ||
| 980 | |a Trung tâm Học liệu Trường Đại học Cần Thơ | ||